UK Town and City Chain - 2 - Statistics

General Stats
  • This quiz has been taken 224 times
  • The average score is 10 of 20
Answer Stats
Hint Answer % Correct
Second largest city in Wales Swansea
94%
The 'Granite City' Aberdeen
88%
Cornwall's only city Truro
82%
East Sussex town known for a battle Hastings
79%
East Anglian city Norwich
79%
North eastern city with a castle and cathedral Durham
59%
Large seaside town in Merseyside Southport
56%
Suffolk town, and home to thoroughbred horse racing Newmarket
53%
Scottish town known as the 'Gateway to the Isles' Oban
52%
City in the south-east of Northern Ireland Newry
49%
Somerset town once known for glove making Yeovil
49%
Anglesey town and port serving Ireland Holyhead
46%
The UK's easternmost town Lowestoft
36%
Cheshire town on the edge of the Peak District Macclesfield
36%
Isle of Wight town with a long pier Ryde
36%
Large town in County Fermanagh Enniskillen
24%
Staffordshire market town with a castle Tamworth
24%
North Yorkshire town, one-time home to a steelworks Redcar
23%
Scottish town near the mouth of the River Nith Dumfries
21%
The oldest market town in Northamptonshire Towcester
20%
No matching quizzes found
Score Distribution
Percent of People with Each Score
Percentile by Number Answered
Your Score History
You have not taken this quiz